| Tag |
First Indicator |
Second Indicator |
Subfields |
| LEADER |
00000cam a2200000 4500 |
| 001 |
in00000063639 |
| 005 |
20151007083223.0 |
| 008 |
721120s1966 nyu b 00000 eng u |
| 010 |
|
|
|a 66015869
|
| 035 |
|
|
|a (OCoLC)00499040
|
| 035 |
|
|
|9 AAF9040AM
|
| 040 |
|
|
|c WSU
|d TXA
|d UtOrBLW
|
| 049 |
|
|
|a TXAM
|c [458158]
|
| 050 |
|
0 |
|a JC507
|b .F5
|
| 092 |
|
|
|a 320.01
|b F586p
|
| 100 |
1 |
|
|a Flathman, Richard E.
|
| 245 |
1 |
4 |
|a The public interest ;
|b an essay concerning the normative discourse of politics /
|c [by] Richard E. Flathman.
|
| 264 |
|
1 |
|a New York :
|b Wiley,
|c [1966]
|
| 300 |
|
|
|a xvi, 197 pages
|
| 336 |
|
|
|a text
|b txt
|2 rdacontent
|
| 337 |
|
|
|a unmediated
|b n
|2 rdamedia
|
| 338 |
|
|
|a volume
|b nc
|2 rdacarrier
|
| 504 |
|
|
|a Bibliographical footnotes.
|
| 650 |
|
0 |
|a Public interest.
|
| 999 |
|
|
|a MARS
|
| 999 |
f |
f |
|s bd8127d7-94ba-3cdc-9dd6-aa8044044c05
|i da2a8282-a2b9-336c-a257-323404494dbc
|t 0
|
| 952 |
f |
f |
|p ric
|a Texas A&M University
|b Rellis Campus
|c Joint Library Facility
|d Remote Storage
|t 0
|e JC507 .F5
|h Library of Congress classification
|i unmediated -- volume
|m A14800656769
|
| 998 |
f |
f |
|a JC507 .F5
|t 0
|l Remote Storage
|